[Event "Windsor NAYCC U10"]
[Site "Windsor"]
[Date "2016.08.10"]
[Round "7.141"]
[White "Zhang, Henry Xianrui"]
[Black "Kondakov, Adrian"]
[Result "1-0"]
[WhiteElo "1315"]
[BlackElo "1675"]
[PlyCount "93"]
[EventDate "2016.08.07"]
[EventType "swiss"]
[EventRounds "9"]
[EventCountry "CAN"]
[SourceTitle "EXT 2022"]
[Source "ChessBase"]
[SourceDate "2021.10.06"]
[SourceVersion "1"]
[SourceVersionDate "2021.10.06"]
[SourceQuality "1"]

1. e4 e6 2. Nf3 d5 3. Nc3 c5 4. exd5 exd5 5. d4 c4 6. Bf4 Nc6 7. Be2 Nf6 8. 0-0 a6 9. a4 Be7 10. Re1 0-0 11. Ne5 Qb6 12. Rb1 Nxd4 13. Be3 Nxe2+ 14. Rxe2 Qa5 15. Bd4 Be6 16. Qd2 Qc7 17. Rbe1 Bc5 18. Qe3 Bxd4 19. Qxd4 Rfb8 20. Re3 b5 21. axb5 axb5 22. Rg3 Kf8 23. Ne2 Qb6 24. Qh4 h6 25. Nf4 Bf5 26. Nh5 Nxh5 27. Qxh5 Qe6 28. Qf3 Be4 29. Qc3 f6 30. Ng6+ Kf7 31. h3 b4 32. Qe3 Qd7 33. Nf4 b3 34. c3 Ra2 35. Qd2 Rba8 36. Rxe4 Ra1+ 37. Kh2 Rd8 38. Rd4 Qf5 39. Qe2 Re8 40. Rxg7+ Kxg7 41. Qxe8 Qe5 42. Qg6+ Kf8 43. Qxh6+ Kf7 44. Rxd5 Qe1 45. Qh7+ Ke8 46. Qg8+ Ke7 47. Ng6# 1-0